Statistics for The Americas Geography By Letter - H

Click here to take the quiz!

General Stats

  • This quiz has been taken 14,191 times
  • The average score is 14 of 20

Answer Stats

ClueAnswer% Correct
Los Angeles district that
is synonymous with movies
Hollywood
98%
Neighbor of the Dominican RepublicHaiti
96%
Biggest city in TexasHouston
95%
Central American countryHonduras
95%
Capital of CubaHavana
94%
Massive dam on the Colorado RiverHoover Dam
86%
One of the Great LakesHuron
86%
Historically black neighborhood
in upper Manhattan
Harlem
81%
Island where the above is locatedHispaniola
70%
Huge ocean bay of northeast CanadaHudson Bay
64%
Capital of ConnecticutHartford
62%
Long Island area where the
wealthy "summer"
The {Hamptons}
62%
Capital of PennsylvaniaHarrisburg
61%
Capital of MontanaHelena
60%
Term for a person from IndianaHoosier
57%
Capital of Nova ScotiaHalifax
56%
Term for a vast estate of Latin AmericaHacienda
50%
San Francisco hippie neighborhood{Haight}-Ashbury
39%
Major city in Ontario's "Golden Horseshoe"Hamilton
23%
Large reservoir on the Colorado RiverLake {Havasu}
18%

Score Distribution

Percentile by Number Answered

Percent of People with Each Score

Your Score History

You have not taken this quiz